000
002570000a22000970004500
100
1
_a
Alison, Michael
245
1
0
_a
Michael Alison, defends Mrs Thatcher agains her critics
300
_a
Vol. 6, Núm 4 (1988), Páginas 14-17
773
0
_t
Evangel
942
_c
ANA
999
_c
54292
_d
54292